| 000 | 00515nam a2200193Ia 4500 | ||
|---|---|---|---|
| 005 | 20260429112159.0 | ||
| 008 | 260429s9999||||xx |||||||||||||| ||und|| | ||
| 020 | _a9789386677792 | ||
| 041 | _aEnglish | ||
| 082 |
_a658 _bDHI |
||
| 100 | _aDhingra, Ishwar C. | ||
| 245 | 0 |
_aBusiness environment : _bCBCS core text book / _cIshwar C. Dhingra |
|
| 250 | _a1st ed. | ||
| 260 |
_aNew Delhi : _bManakin Press, _c2022. |
||
| 300 | _axv, 970 p.; pbk | ||
| 650 | _a Environment | ||
| 650 | _aBusiness | ||
| 942 | _cTB | ||
| 999 |
_c52756 _d52756 |
||